| 000 | 00769cam a2200157 4500500 | ||
|---|---|---|---|
| 005 | 20260405002400.0 | ||
| 041 | _afre | ||
| 042 | _adc | ||
| 100 | 1 | 0 |
_aRogozinski, Jacob _eauthor |
| 245 | 0 | 0 | _aAuteurs |
| 260 | _c2026. | ||
| 500 | _a58 | ||
| 520 | _aLa désoccidentalisation des savoirs, Thomas Brisson; Mémoires. Tome V, Saïd Sadi; L’intrus suivi de Intrusions. Edition augmentée, Jean-Luc Nancy; Yann dans la nuit, Julie Brafman; Fractures dans l’Occident, Nicole Gnesoto; Jean-Louis Chrétien. Un filosofo cristiano, Giuseppe Vailati; Ses vies d’Afrique, François-David Sebbah. | ||
| 786 | 0 | _nEsprit | Mars | 3 | 2026-03-02 | p. 172-173 | 0014-0759 | |
| 856 | 4 | 1 | _uhttps://shs.cairn.info/revue-esprit-2026-3-page-172?lang=fr&redirect-ssocas=7080 |
| 999 |
_c2057211 _d2057211 |
||